Score 0/24 Timer 08:00
0 Plays Today
% Correct
Calm down.
82.9%
I'm not allowed to talk about purgatory. But man, I could tell you some stories.
82.3%
Sun's coming up.
81.9%
You grew a beard!
81.2%
Am I ever wrong?
79.4%
Don't sleep with him.
78.5%
I've got a bad feeling about this.
78%
He's changed.
77.9%
I told her to steer clear of him.
77.6%
Maybe some time abroad will mellow him out.
77.2%
I want him gone by morning.
76.9%
Get to the point.
76.6%
% Correct
Come on…think!
76.6%
I'm against it.
75.6%
I knew it!
73.3%
I wish I was dead.
72.5%
Here's your stuff back.
70.9%
You're seeing things. It's all in your head.
68.9%
No ad-libbing!
63.9%
I can tell you guys are full of s***.
61.6%
Sounds like a happy ending to me.
59.2%
I owe you big time.
56.7%
You're so stoic. I love that.
55%
Gotcha.
46.6%
Remove Ads.
Support Sporcle.
Get the best of Sporcle when you Go Orange. This ad-free experience offers more features, more stats, and more fun while also helping to support Sporcle. Thank you for becoming a member.

You're not logged in!

Compare scores with friends on all Sporcle quizzes.
OR
Log In

Sporcle TV

Today on Sporcle TV


Watch our educational content, quiz creation guides, and fun videos on Sporcle TV.

Show Comments

Extras

Top Quizzes Today


Score Distribution

Paid Content

Your Account Isn't Verified!

In order to create a playlist on Sporcle, you need to verify the email address you used during registration. Go to your Sporcle Settings to finish the process.

Report this User

Report this user for behavior that violates our Community Guidelines.

Details: